| 000 | 00525nam a2200205Ia 4500 | ||
|---|---|---|---|
| 005 | 20221102095907.0 | ||
| 008 | 140110s9999 xx 000 0 und d | ||
| 020 |
_a9781847370297 _cRs. 550 |
||
| 040 | _aLoreto College | ||
| 041 | _aEnglish | ||
| 082 |
_a128 _bBYR |
||
| 100 | _aByrne, Rhonda | ||
| 245 | 4 |
_aThe Secret _cRhonda Byrne |
|
| 260 |
_aNew York _bAtria _c2006 |
||
| 300 | _a198p | ||
| 650 | _aParapsycolgy | ||
| 651 | _aHuman kind - Philosophical and Psychological aspects | ||
| 850 | _aLCLIB | ||
| 942 | _cBK | ||
| 999 |
_c18083 _d68562 |
||